Loading...
Other | 0 | 5 | 0 | 0 | 50 | 56 | 88.00 | 1 | 5 |
Science - Other Science | 0 | 3 | 0 | 0 | 30 | 28 | 61.00 | 2 | 3 |
History - European History | 0 | 3 | 0 | 1 | 30 | 65 | 109.33 | 0 | 2 |
History - Other History | 0 | 3 | 0 | 0 | 30 | 63 | 68.00 | 1 | 3 |
Religion | 0 | 3 | 1 | 2 | 25 | 79 | 110.00 | 1 | 3 |
Science - Physics | 0 | 3 | 1 | 1 | 25 | 37 | 92.00 | 1 | 2 |
Science - Biology | 0 | 2 | 0 | 2 | 20 | 118 | 121.00 | 0 | 2 |
Social Science | 0 | 2 | 1 | 0 | 15 | 62 | 81.00 | 1 | 1 |
Fine Arts - Classical Music | 0 | 1 | 0 | 0 | 10 | 104 | 104.00 | 0 | 1 |
Philosophy | 0 | 1 | 0 | 1 | 10 | 139 | 139.00 | 0 | 1 |
Literature - European Literature | 0 | 1 | 0 | 1 | 10 | 162 | 162.00 | 0 | 0 |
History - American History | 0 | 1 | 0 | 0 | 10 | 97 | 97.00 | 0 | 1 |
Science - Chemistry | 0 | 1 | 0 | 0 | 10 | 108 | 108.00 | 0 | 0 |
Mythology | 0 | 1 | 0 | 0 | 10 | 101 | 101.00 | 1 | 1 |
Fine Arts - Painting & Sculpture | 0 | 0 | 0 | 0 | 0 | 0.00 | 0 | 0 | |
Fine Arts - Other Fine Arts | 0 | 0 | 1 | 0 | -5 | 0.00 | 0 | 0 |